مكتبة جامعة عجلون الوطنية

فهرس بحث المكتبة

Normal view MARC view
  • ادارة الاعمال-نظم المعلومات -حل المشكلات

Entry Topical Term

Number of records used in: 1

001 - CONTROL NUMBER

  • control field: 44130

003 - CONTROL NUMBER IDENTIFIER

  • control field: JO-AjAnu

005 - DATE AND TIME OF LATEST TRANSACTION

  • control field: 20230606081317.0

008 - FIXED-LENGTH DATA ELEMENTS

  • fixed length control field: 230606|| aca||aabn | a|a d

040 ## - CATALOGING SOURCE

  • Original cataloging agency: JO-AjAnu
  • Transcribing agency: JO-AjAnu

150 ## - HEADING--TOPICAL TERM

  • Topical term or geographic name entry element: ادارة الاعمال-نظم المعلومات -حل المشكلات

670 ## - SOURCE DATA FOUND

  • Source citation: Work cat.: (JO-AjAnu)22596: بميك، خبراء مركز الخبرات المهنية للادارة؛ المستشار العلمي عبدالرحمن توفيق, author 44129, دور نظم المعلومات في حل المشكلات=Information System in Problem Solving